| 000 | 01367cam a22003617a 4500 | ||
|---|---|---|---|
| 003 | CHAP | ||
| 005 | 20220329142749.0 | ||
| 008 | 030624d2003 mx ab r 00110 spa d | ||
| 010 | _a87430 | ||
| 011 | _a88402 | ||
| 035 | _a98947 | ||
| 040 | _cCHAP | ||
| 090 | _aTesis | ||
| 100 | 0 | 0 |
_aAlonso Preciado, Miguel. _94595 |
| 245 | 1 | 0 |
_aEvaluación de los recursos agrícolas suelo y agua en el Valle de Arista, S.L.P. (1953-2000) _c/por Miguel Alonso Preciado |
| 260 |
_aUniversidad Autónoma de San Luis Potosí , S.L.P.; _bEl autor, _c2003. |
||
| 300 |
_a138 h. ; _bilus. ; gráfs. ; mapas |
||
| 502 | _aTesis (Maestria en Hidrosistémas Esp. en Ambiental) -- UASLP Facultad de Ingeniería | ||
| 590 |
_aALEPH _b10 _c20130110 _lUCH01 _h1454 |
||
| 590 |
_aBATCH-UPD _b10 _c20130110 _lUCH01 _h0606 |
||
| 590 |
_aBATCH-UPD _b10 _c20130410 _lUCH01 _h0248 |
||
| 590 |
_aBATCH-UPD _b10 _c20130913 _lUCH01 _h2240 |
||
| 590 |
_aCONVERSION _b10 _c20130109 _lUCH01 _h1348 |
||
| 650 | 1 | 4 |
_aAgua _xAbastecimiento _zSan Luis Potosi. _92272 |
| 650 | 1 | 4 |
_aAgua _xConservación _zSan Luis Potosí. _92346 |
| 650 | 1 | 4 |
_aPozos para irrigación. _991210 |
| 650 | 1 | 4 |
_aSuelos _xConservación _zSan Luis Potosí. _9110325 |
| 650 | 1 | 4 |
_aSuelos _xFertilidad. _9110367 |
| 901 | _aBK | ||
| 905 | _aMayto Villalobos S. | ||
| 942 | _cTESIS | ||
| 949 |
_aTesis _bBC _cTES _d98947123 _eTS1 _h41098 _i98947 _st |
||
| 999 |
_c87430 _d87430 |
||